<?xml version="1.0" encoding="UTF-8"?><?xml-stylesheet type="text/xsl" href="static/style.xsl"?><OAI-PMH xmlns="http://www.openarchives.org/OAI/2.0/" xmlns:xsi="http://www.w3.org/2001/XMLSchema-instance" xsi:schemaLocation="http://www.openarchives.org/OAI/2.0/ http://www.openarchives.org/OAI/2.0/OAI-PMH.xsd"><responseDate>2026-06-04T23:55:32Z</responseDate><request verb="GetRecord" identifier="oai:riuma.uma.es:10630/45234" metadataPrefix="marc">https://riuma.uma.es/rest/oai/request</request><GetRecord><record><header><identifier>oai:riuma.uma.es:10630/45234</identifier><datestamp>2026-03-17T11:26:01Z</datestamp><setSpec>com_10630_2254</setSpec><setSpec>col_10630_37959</setSpec></header><metadata><record xmlns="http://www.loc.gov/MARC21/slim" xmlns:dcterms="http://purl.org/dc/terms/" xmlns:doc="http://www.lyncode.com/xoai" xmlns:xsi="http://www.w3.org/2001/XMLSchema-instance" xsi:schemaLocation="http://www.loc.gov/MARC21/slim http://www.loc.gov/standards/marcxml/schema/MARC21slim.xsd">
   <leader>00925njm 22002777a 4500</leader>
   <datafield ind2=" " ind1=" " tag="042">
      <subfield code="a">dc</subfield>
   </datafield>
   <datafield ind2=" " ind1=" " tag="720">
      <subfield code="a">Vadillo-Pérez, José Miguel</subfield>
      <subfield code="e">author</subfield>
   </datafield>
   <datafield ind2=" " ind1=" " tag="720">
      <subfield code="a">Moros-Portolés, Javier</subfield>
      <subfield code="e">author</subfield>
   </datafield>
   <datafield ind2=" " ind1=" " tag="720">
      <subfield code="a">Bosáková, Markéta</subfield>
      <subfield code="e">author</subfield>
   </datafield>
   <datafield ind2=" " ind1=" " tag="720">
      <subfield code="a">Álvarez-Llamas, César</subfield>
      <subfield code="e">author</subfield>
   </datafield>
   <datafield ind2=" " ind1=" " tag="720">
      <subfield code="a">Purohit, Pablo</subfield>
      <subfield code="e">author</subfield>
   </datafield>
   <datafield ind2=" " ind1=" " tag="260">
      <subfield code="c">2026</subfield>
   </datafield>
   <datafield ind2=" " ind1=" " tag="520">
      <subfield code="a">The relevance of laser-induced plasmas acoustics (LIPAc) investigations has skyrocketed in recent times, raised by NASA´s mission Mars 2020 research with the Mars Microphone. While LIPAc signal had been succinctly studied and applied, preferably, as a normalization asset to alleviate the shot-to-shot instability of the LIBS signal, knowledge about the structure and the components of the acoustic response, the effect that different parameters may had on it, as well as its behaviour in different scenarios, were yet unknowns on the background of the phenomenon.
Research herein focused first on the progress know-how of the LIPAc signal. The conditioning of sample-associated traits, instrumental variables, operational conditions, as well as the target-surroundings on the ensuing acoustic response has been evaluated. Even experiments inside a thermal-vacuum chamber (TVC), a facility that allows mimic planetary environments, have allowed LIPAc signal performance under non-standard atmospheres.
From all this, applicability of LIPAC has been demonstrated. The close link that the acoustic response maintains with the physical properties of the sample has made it possible to exploit its use to differentiate specimens that showed a very high similarity in the optical response of their plasmas, to enhance the identification of subsets within a whole, and even to correct discrepancies between atomic and ionic information derived from the matrix effect.
In short, the results derived from all these studies go beyond a mere declaration of intentions, demonstrating that the acoustics derived from laser-produced plasmas is a valuable source of information not only acting on its own but also contributing as LIBS-LIPAc combination.</subfield>
   </datafield>
   <datafield ind1="8" ind2=" " tag="024">
      <subfield code="a">https://hdl.handle.net/10630/45234</subfield>
   </datafield>
   <datafield tag="653" ind2=" " ind1=" ">
      <subfield code="a">Acústica - Congresos</subfield>
   </datafield>
   <datafield ind2="0" ind1="0" tag="245">
      <subfield code="a">Laser-Induced Plasma Acoustics and Laser-Induced Breakdown Spectroscopy: A Happy Marriage</subfield>
   </datafield>
</record>
</metadata></record></GetRecord></OAI-PMH>